| 000 | 00431nam a2200121Ia 4500 | ||
|---|---|---|---|
| 008 | 160609s9999 xx 000 0 und d | ||
| 100 | _aBarton, Angela Calabrese. | ||
| 245 | _aInternationalisation And Globalisation In Mathematics And Science Education | ||
| 245 | _cBy:Angela Calabrese Barton, Bill Atweh | ||
| 260 | _c2015 | ||
| 650 | _xMATHEMATICS EDUCATION | ||
| 856 | _uhttp://file.ebook777.com/016/IntAndGloInMatAndSciEdu.pdf | ||
| 999 |
_c295885 _d295885 |
||